LEADER 01935nam a2200289 i 4500 001 000000161104 003 CaOOAMICUS 005 20070502000000.0 008 070502s2007 it u000 u ita u 013 $a138467 020 $a978-88-89081-06-8 040 $aSeMil$bita 245 13$aLo itinerario de andare in Hyerusalem (1469). Loca sancta visitanda in partibus Jerusalem :$bMs. G 10 Biblioteca del Seminario Vescovile di Casale Monferrato /$cA cura di Pier Giorgio Longo ; Prefazione di Amilcare Barbero ; Coordinamento editoriale e redazionale di Paolo Pellizzari. 260 $aPonzano Monferrato :$bCentro di Documentazione dei Sacri Monti Calvari e Complessi devozionali europei,$c(Stampa 2007) 260 $aRoma :$bAtlas,$c(Stampa 2007) 300 $a237 p. :$briccamente ill. ;$c28x22 cm. 500 $aIn occhietto : Il volume è stato inserito fra le manifestazioni ufficiali promosse in occasione delle Celebrazioni per il 9. Centenario della consacrazione del Duomo di Sant'Evasio di Casale Monferrato. - Contiene : Fonti, Bibliografia, Indice dei nomi. 700 1 $aLongo, Pier Giorgio <1945-2013>.$0(OLS)http://semarc/name/42475 700 1 $aPellizzari, Paolo.$0(OLS)http://semarc/name/37193 700 1 $aBarbero, Amilcare.$0(OLS)http://semarc/name/42476 850 $aSeMil 852 $aSeMil$W1$xVenegono$y1$m5R XI 46$j112537$B112537$CSeMilBibl$Z2$F124604 $81 961 $aOmaggio: Oneta don Marco 996 $6020$a978-88-89081-06-8$9(OLS)http://semarc/number/77079 996 $6245$aLo itinerario de andare in Hyerusalem (1469). Loca sancta visitanda in partibus Jerusalem :$bMs. G 10 Biblioteca del Seminario Vescovile di Casale Monferrato$9(OLS)http://semarc/title/144014 996 $6260$aRoma :$bAtlas$9(OLS)http://semarc/publisher/50233 996 $6260$aPonzano Monferrato :$bCentro di Documentazione dei Sacri Monti Calvari e Complessi devozionali europei$9(OLS)http://semarc/publisher/44382 LEADER 01150nam a2200241 i 4500 001 000000251889 003 CaOOAMICUS 005 20200825175328.0 008 161206s1826 it u000 u ita u 013 $a230794 026 $ae.e, leia a-so giLa (3) 1826 (A) 040 $aSeMil$bita 100 1 $aDroz, Joseph.$0(OLS)http://semarc/name/36408 245 13$aLa morale applicata alla politica. Operetta di Giuseppe Droz ... Prima traduzione italiana di S.C. accademico valdarnese. 264 1$aFirenze :$bPresso G. P. Vieusseux :$bTipografia di Luigi Pezzati,$c1826. 300 $a134, [2] p. ;$c8º. 650 4$aPolitica e male.$0(OLS)http://semarc/subject/43047 850 $aSeMil 852 $aSeMil$W1$xVenegono$y1$m3N II 37 FA$j202235$B202235$CSeMilBibl$Z2$F214917 $8I 961 $aRecupero: Mantegazza 996 $6245$aLa morale applicata alla politica. Operetta di Giuseppe Droz ... Prima traduzione italiana di S.C. accademico valdarnese$9(OLS)http://semarc/title/354016 996 $6264$aFirenze :$bPresso G. P. Vieusseux :$bTipografia di Luigi Pezzati$9(OLS)http://semarc/publisher/55473